| 000 | 00587nam a22002057a 4500 | ||
|---|---|---|---|
| 999 |
_c325 _d325 |
||
| 003 | OSt | ||
| 005 | 20260310020128.0 | ||
| 008 | 140806b xxu||||| |||| 00| 0 eng d | ||
| 020 | _a0340808209 | ||
| 040 | _cDLC | ||
| 082 | _aWO 100 B 151b 2004 | ||
| 100 |
_a Editors Russell, R.C.G.; Bulstrode, Christopher J.K.; Williams Norman S. _913894 |
||
| 245 | _aBailey and Love's Short Practice of Surgery | ||
| 250 | _a24th ed. | ||
| 260 |
_aLondon; _bArnold; _c2004. |
||
| 300 |
_axi, 1522 p. _bcol.ill _c29 cm. |
||
| 504 | _aIncludes index | ||
| 650 |
_aSurgery _9323 |
||
| 942 |
_2z _cB_BANK _02 |
||